[Event "Verden op-A"]
[Site "Verden"]
[Date "2023.01.05"]
[Round "1"]
[White "Stoy, Ulf"]
[Black "Goes, Carsten"]
[Result "1-0"]
[WhiteElo "1990"]
[BlackElo "1750"]
[PlyCount "33"]
[EventDate "2023.01.05"]
[EventType "swiss"]
[EventRounds "7"]
[EventCountry "GER"]
[SourceTitle "CBM 212 Extra"]
[Source "ChessBase"]
[SourceDate "2023.03.31"]
[SourceVersion "1"]
[SourceVersionDate "2023.03.31"]
[SourceQuality "1"]

1. c4 b6 2. d4 Bb7 3. Nc3 e6 4. e4 Bb4 5. Bd3 f5 6. Qh5+ g6 7. Qe2 Ne7 8. a3 Bxc3+ 9. bxc3 0-0 10. Bh6 Re8 11. Nf3 d5 12. exd5 Nxd5 13. cxd5 exd5 14. Ne5 Nd7 15. 0-0 Qh4 16. Qe3 Nxe5 17. dxe5 1-0

[Event "GER-ch Net Amateur Gr-A Vor2"]
[Site "Playchess.com INT"]
[Date "2020.04.15"]
[Round "4"]
[White "Bosselmann, Tom Linus"]
[Black "Stoy, Ulf"]
[Result "1-0"]
[WhiteElo "1620"]
[BlackElo "1821"]
[PlyCount "105"]
[EventDate "2020.04.15"]
[EventType "swiss (blitz)"]
[EventRounds "9"]
[EventCountry "GER"]
[SourceTitle "CBM 196 Extra"]
[Source "ChessBase"]
[SourceDate "2020.07.31"]
[SourceVersion "1"]
[SourceVersionDate "2020.07.31"]
[SourceQuality "1"]

1. e4 d6 2. d4 g6 3. Nc3 Bg7 4. Be3 a6 5. f3 b5 6. Qd2 Nd7 7. g4 Bb7 8. 0-0-0 Rc8 9. h4 c5 10. Nge2 cxd4 11. Nxd4 b4 12. Nd5 Bxd5 13. exd5 Qa5 14. Kb1 Nc5 15. Nc6 Qb6 16. Qxb4 Qxb4 17. Nxb4 Rb8 18. c3 a5 19. Nc6 Ra8 20. Bb5 Kf8 21. h5 Nf6 22. h6 Nfd7 23. hxg7+ Kxg7 24. Bd4+ f6 25. Nxe7 Rae8 26. Nc6 Ne5 27. Bxc5 dxc5 28. Nxe5 Rxe5 29. d6 Rd8 30. d7 h5 31. gxh5 gxh5 32. Rhe1 Kg6 33. Rxe5 fxe5 34. Rd6+ Kf5 35. Bd3+ Kf4 36. Be4 Ke3 37. Bc6 c4 38. Re6 Rg8 39. Rxe5+ Kd2 40. Rd5+ Ke3 41. Rd1 Rd8 42. Re1+ Kd2 43. Re8 Rxd7 44. Bxd7 h4 45. Bh3 a4 46. a3 Kd1 47. f4 Kd2 48. f5 Kd1 49. f6 Kd2 50. f7 Kd1 51. f8Q Kd2 52. Qf2+ Kd1 53. Qe2# 1-0

[Event "GER-ch Net Amateur Gr-A Vor2"]
[Site "Playchess.com INT"]
[Date "2020.04.15"]
[Round "3"]
[White "Marcziter, Dmitrii"]
[Black "Stoy, Ulf"]
[Result "1-0"]
[WhiteElo "2032"]
[BlackElo "1821"]
[PlyCount "117"]
[EventDate "2020.04.15"]
[EventType "swiss (blitz)"]
[EventRounds "9"]
[EventCountry "GER"]
[SourceTitle "CBM 196 Extra"]
[Source "ChessBase"]
[SourceDate "2020.07.31"]
[SourceVersion "1"]
[SourceVersionDate "2020.07.31"]
[SourceQuality "1"]

1. e4 g6 2. d4 Bg7 3. Nc3 d6 4. Nge2 a6 5. a4 b6 6. g3 Bb7 7. Bg2 Nd7 8. 0-0 Ngf6 9. h3 0-0 10. Be3 e5 11. Qd2 exd4 12. Nxd4 Re8 13. f3 Ne5 14. b3 c5 15. Nde2 d5 16. exd5 Nxd5 17. Nxd5 Qxd5 18. Qxd5 Bxd5 19. Rad1 Rad8 20. Nf4 Bb7 21. Kf2 Kf8 22. a5 Nc6 23. axb6 Nd4 24. Rd2 Rxe3 25. Kxe3 Nf5+ 26. Ke2 Nxg3+ 27. Ke3 Rxd2 28. Kxd2 Bh6 29. Ke3 Nxf1+ 30. Bxf1 g5 31. Nd3 g4+ 32. Kf2 gxf3 33. Nxc5 Bd2 34. Nxb7 Bb4 35. Bxa6 Ke7 36. Kxf3 Kd7 37. Bb5+ Kc8 38. c3 Kxb7 39. cxb4 Kxb6 40. Bc4 f6 41. Kf4 h6 42. Kf5 h5 43. Kxf6 h4 44. Kg5 Kc7 45. Kxh4 Kb6 46. Kg5 Kc7 47. h4 Kc6 48. Kg6 Kd6 49. h5 Ke5 50. h6 Kd4 51. b5 Kc3 52. h7 Kb2 53. h8Q+ Ka3 54. b6 Kb4 55. b7 Ka3 56. Qa1+ Kb4 57. b8Q+ Kc5 58. Qae5+ Kc6 59. Bb5# 1-0

[Event "GER-ch Net Amateur Gr-A Vor2"]
[Site "Playchess.com INT"]
[Date "2020.04.15"]
[Round "2"]
[White "Stoy, Ulf"]
[Black "Gorzinski, Dariusz"]
[Result "1-0"]
[WhiteElo "1821"]
[BlackElo "1558"]
[PlyCount "67"]
[EventDate "2020.04.15"]
[EventType "swiss (blitz)"]
[EventRounds "9"]
[EventCountry "GER"]
[SourceTitle "CBM 196 Extra"]
[Source "ChessBase"]
[SourceDate "2020.07.31"]
[SourceVersion "1"]
[SourceVersionDate "2020.07.31"]
[SourceQuality "1"]

1. c4 Nc6 2. g3 d5 3. b3 Nf6 4. cxd5 Qxd5 5. Nf3 Nd4 6. Bg2 Nxf3+ 7. Bxf3 Qe5 8. Nc3 c6 9. Bb2 Qa5 10. 0-0 Bh3 11. Bg2 Bxg2 12. Kxg2 e6 13. d3 Be7 14. Qd2 0-0 15. a3 Nd5 16. b4 Qd8 17. Nxd5 exd5 18. Qf4 a6 19. Rac1 Qd6 20. Qg4 Bf6 21. Bxf6 Qxf6 22. d4 Rfe8 23. e3 Qe7 24. Rc5 a5 25. b5 cxb5 26. Rxd5 Qxa3 27. Rxb5 Qe7 28. Rfb1 Ra7 29. Qf3 a4 30. Rxb7 Rxb7 31. Rxb7 Qe6 32. d5 Qa6 33. Qxf7+ Kh8 34. Qxg7# 1-0

[Event "GER-ch Net Amateur Gr-A Vor2"]
[Site "Playchess.com INT"]
[Date "2020.04.15"]
[Round "7"]
[White "Stoy, Ulf"]
[Black "Wierzbicki, Jirawat"]
[Result "1-0"]
[WhiteElo "1821"]
[BlackElo "1937"]
[PlyCount "75"]
[EventDate "2020.04.15"]
[EventType "swiss (blitz)"]
[EventRounds "9"]
[EventCountry "GER"]
[SourceTitle "CBM 196 Extra"]
[Source "ChessBase"]
[SourceDate "2020.07.31"]
[SourceVersion "1"]
[SourceVersionDate "2020.07.31"]
[SourceQuality "1"]

1. c4 e5 2. Nc3 Nf6 3. Nf3 Nc6 4. e4 Bb4 5. d3 0-0 6. g3 d6 7. Bg2 Ne7 8. 0-0 c6 9. Bg5 Ng6 10. d4 h6 11. Bxf6 Qxf6 12. Qd3 Bg4 13. Nd1 Bxf3 14. Bxf3 exd4 15. Bg2 c5 16. f4 Ba5 17. Nf2 Rfe8 18. Rab1 Bb6 19. a3 Rad8 20. Rbe1 Qe7 21. Re2 a6 22. b4 Qd7 23. Rfe1 Re7 24. bxc5 dxc5 25. e5 Rde8 26. Bd5 Nf8 27. f5 Bc7 28. e6 fxe6 29. fxe6 Nxe6 30. Qg6 Kh8 31. Rxe6 Rxe6 32. Rxe6 Rf8 33. Be4 Kg8 34. Qh7+ Kf7 35. Bd5 Qxe6 36. Bxe6+ Kxe6 37. Qe4+ Kf7 38. Qf5+ 1-0

[Event "Niedersachsen-ch op-A"]
[Site "Verden an der Aller"]
[Date "2020.01.04"]
[Round "5"]
[White "Aden, Tammo"]
[Black "Stoy, Ulf"]
[Result "0-1"]
[WhiteElo "1858"]
[BlackElo "1988"]
[PlyCount "74"]
[EventDate "2020.01.02"]
[EventType "swiss"]
[EventRounds "7"]
[EventCountry "GER"]
[SourceTitle "EXT 2023"]
[Source "ChessBase"]
[SourceDate "2022.10.05"]
[SourceVersion "1"]
[SourceVersionDate "2022.10.05"]
[SourceQuality "1"]

1. d4 g6 2. c4 Bg7 3. Nc3 d6 4. e4 Nf6 5. Be2 Na6 6. Be3 0-0 7. g4 c5 8. g5 Nd7 9. d5 Nc7 10. h4 b5 11. cxb5 a6 12. a4 Bb7 13. h5 axb5 14. hxg6 hxg6 15. Nxb5 Bxb2 16. Rb1 Bg7 17. Qb3 Bc8 18. Bd2 Re8 19. Qg3 Rxa4 20. Qh4 Nxb5 21. Qh7+ Kf8 22. Bxb5 Rxe4+ 23. Kf1 Bb7 24. Bd3 Bxd5 25. Rh6 Bc4 26. Bxc4 Rxc4 27. Rb3 Qa8 28. Rbh3 e6 29. Rxg6 Qa1+ 30. Be1 fxg6 31. Rf3+ Ke7 32. Qxg6 Rf8 33. Re3 Be5 34. Nf3 Rcf4 35. Kg2 Qa8 36. Qh7+ R8f7 37. Qh5 Rxf3 0-1

[Event "Niedersachsen-ch op-A"]
[Site "Verden an der Aller"]
[Date "2020.01.02"]
[Round "1"]
[White "Bieler, Janek"]
[Black "Stoy, Ulf"]
[Result "0-1"]
[WhiteElo "1803"]
[BlackElo "1988"]
[PlyCount "44"]
[EventDate "2020.01.02"]
[EventType "swiss"]
[EventRounds "7"]
[EventCountry "GER"]
[SourceTitle "EXT 2023"]
[Source "ChessBase"]
[SourceDate "2022.10.05"]
[SourceVersion "1"]
[SourceVersionDate "2022.10.05"]
[SourceQuality "1"]

1. d4 g6 2. c4 Bg7 3. Nf3 d6 4. Nc3 Nf6 5. g3 0-0 6. e4 c5 7. d5 e6 8. dxe6 Bxe6 9. Qb3 Nc6 10. a3 Rc8 11. Bf4 Bf5 12. 0-0-0 Nxe4 13. Nxe4 Bxe4 14. Rxd6 Bxf3 15. Qxf3 Qb6 16. b4 cxb4 17. Be3 Qa5 18. Bd2 Qe5 19. Qd3 Qb2+ 20. Kd1 bxa3 21. Bc1 Qxc1+ 22. Kxc1 a2 0-1

[Event "Hannover Bezirk-ch A"]
[Site "Hannover"]
[Date "2018.10.04"]
[Round "2.5"]
[White "Stoy, Ulf"]
[Black "Daemmig, Matthias"]
[Result "1-0"]
[WhiteElo "1984"]
[BlackElo "2083"]
[PlyCount "71"]
[EventDate "2018.10.04"]
[EventType "swiss"]
[EventRounds "7"]
[EventCountry "GER"]
[SourceTitle "EXT 2022"]
[Source "ChessBase"]
[SourceDate "2021.10.06"]
[SourceVersion "1"]
[SourceVersionDate "2021.10.06"]
[SourceQuality "1"]

1. c4 d6 2. Nc3 c5 3. g3 g6 4. Bg2 Bg7 5. e4 e6 6. Nge2 Nc6 7. 0-0 Nge7 8. d3 0-0 9. Be3 Rb8 10. d4 cxd4 11. Nxd4 Nxd4 12. Bxd4 Bxd4 13. Qxd4 Nc6 14. Qd2 e5 15. Qh6 Nd4 16. f4 f5 17. fxe5 dxe5 18. exf5 Bxf5 19. Rad1 Qe7 20. Bd5+ Kh8 21. Rf2 Qg7 22. Qe3 Bh3 23. Rdd2 b6 24. Bg2 Bxg2 25. Kxg2 Rbd8 26. Nd5 b5 27. b3 bxc4 28. bxc4 Nf5 29. Qe2 Rfe8 30. Rb2 e4 31. Rf1 e3 32. Rfb1 Qe5 33. Rb7 Nd4 34. Qf1 Qe4+ 35. Kh3 Rxd5 36. Qf6+ 1-0

[Event "Vellmar op 10th"]
[Site "Vellmar"]
[Date "2018.07.12"]
[Round "1"]
[White "Stoy, Ulf"]
[Black "Kuschel, Heidi"]
[Result "1/2-1/2"]
[WhiteElo "2006"]
[BlackElo "1734"]
[PlyCount "79"]
[EventDate "2018.07.12"]
[EventType "swiss"]
[EventRounds "7"]
[EventCountry "GER"]
[SourceTitle "CBM 185 Extra"]
[Source "ChessBase"]
[SourceDate "2018.07.29"]
[SourceVersion "1"]
[SourceVersionDate "2018.07.29"]
[SourceQuality "1"]

1. c4 Nf6 2. Nc3 g6 3. g3 Bg7 4. Bg2 0-0 5. e4 d6 6. Nge2 c5 7. d3 Nc6 8. 0-0 Bg4 9. h3 Bd7 10. Kh2 Ne8 11. Be3 Nd4 12. f4 e5 13. Qd2 Qc8 14. Nd5 Kh8 15. Nec3 Rb8 16. fxe5 dxe5 17. Bh6 Qd8 18. Rf2 Be6 19. Raf1 b6 20. b3 Rb7 21. g4 f6 22. Bxg7+ Kxg7 23. Ne3 Rbf7 24. Ncd5 Bc8 25. Bf3 Qd7 26. Bd1 Rh8 27. Rg2 h6 28. Qf2 Qe6 29. Qg3 Qd6 30. Rfg1 Kf8 31. Qh4 Ne6 32. Nf5 gxf5 33. gxf5 Ng5 34. Qh5 Rfh7 35. Rg3 Bb7 36. Qe2 Bxd5 37. cxd5 Rg7 38. Qe3 h5 39. h4 Nf7 40. Rg6 1/2-1/2

[Event "Leipzig DSAM Cup"]
[Site "Leipzig"]
[Date "2018.05.31"]
[Round "2"]
[White "Stoy, Ulf"]
[Black "Tomaschko, Friedrich"]
[Result "1/2-1/2"]
[WhiteElo "2012"]
[BlackElo "1924"]
[PlyCount "83"]
[EventDate "2018.05.31"]
[EventType "swiss"]
[EventRounds "5"]
[EventCountry "GER"]
[SourceTitle "EXT 2019"]
[Source "ChessBase"]
[SourceDate "2018.10.10"]
[SourceVersion "1"]
[SourceVersionDate "2018.10.10"]
[SourceQuality "1"]

1. c4 c6 2. e4 d5 3. cxd5 cxd5 4. exd5 Nf6 5. Nc3 Nxd5 6. d4 Nc6 7. Nf3 e6 8. Bd3 Be7 9. 0-0 0-0 10. Bb1 f5 11. a3 Bf6 12. Ba2 Kh8 13. Nxd5 exd5 14. Qb3 Be6 15. Qxb7 Nxd4 16. Nxd4 Bxd4 17. Bf4 Qf6 18. Rad1 Bxb2 19. Rfe1 Bxa3 20. Qa6 Qb2 21. Re2 Bc8 22. Qd3 Qb4 23. g3 a5 24. Re3 d4 25. Rf3 Ba6 26. Qxa3 d3 27. Rfxd3 Bxd3 28. Qxd3 Rfe8 29. Qd5 Re1+ 30. Rxe1 Qxe1+ 31. Kg2 Qe4+ 32. Qxe4 fxe4 33. Bc7 a4 34. Bd5 Re8 35. Kf1 a3 36. Ke2 a2 37. Bxa2 Rc8 38. Bb6 Rc2+ 39. Ke3 Rxa2 40. Kxe4 Kg8 41. h4 Kf7 42. Kf3 1/2-1/2

[Event "Niedersachsen-ch"]
[Site "Verden"]
[Date "2018.01.06"]
[Round "5"]
[White "Stotyn, Fabian"]
[Black "Stoy, Ulf"]
[Result "1/2-1/2"]
[WhiteElo "2213"]
[BlackElo "1943"]
[PlyCount "62"]
[EventDate "2018.01.04"]
[EventType "swiss"]
[EventRounds "7"]
[EventCountry "GER"]
[SourceTitle "EXT 2022"]
[Source "ChessBase"]
[SourceDate "2021.10.06"]
[SourceVersion "1"]
[SourceVersionDate "2021.10.06"]
[SourceQuality "1"]

1. e4 g6 2. Nc3 Bg7 3. d4 c6 4. Be3 d5 5. Qd2 dxe4 6. Nxe4 Nd7 7. Bc4 Nb6 8. Bb3 a5 9. a3 a4 10. Ba2 Nd5 11. Nf3 Qa5 12. c3 Ngf6 13. Nxf6+ exf6 14. 0-0 0-0 15. Bh6 Bg4 16. Bxg7 Kxg7 17. Nh4 Rae8 18. Rfe1 Be6 19. g3 Nc7 20. Bb1 Bc4 21. Bc2 Qb5 22. Be4 Re7 23. Bf3 Rfe8 24. Ng2 Nd5 25. Rxe7 Rxe7 26. Bxd5 Bxd5 27. Re1 Bxg2 28. Kxg2 Rxe1 29. Qxe1 Qxb2 30. Qe7 Qxc3 31. Qxb7 Qc4 1/2-1/2

[Event "Niedersachsen-ch"]
[Site "Verden"]
[Date "2018.01.05"]
[Round "4"]
[White "Lau, Udo"]
[Black "Stoy, Ulf"]
[Result "1-0"]
[WhiteElo "2064"]
[BlackElo "1943"]
[PlyCount "125"]
[EventDate "2018.01.04"]
[EventType "swiss"]
[EventRounds "7"]
[EventCountry "GER"]
[SourceTitle "EXT 2022"]
[Source "ChessBase"]
[SourceDate "2021.10.06"]
[SourceVersion "1"]
[SourceVersionDate "2021.10.06"]
[SourceQuality "1"]

1. d4 g6 2. Nc3 Bg7 3. Nf3 Nf6 4. e4 d6 5. Be2 0-0 6. h3 c6 7. Bg5 Qc7 8. Qd2 Nbd7 9. 0-0 b5 10. a3 a6 11. Rad1 Bb7 12. Rfe1 c5 13. dxc5 Nxc5 14. Bd3 Rfe8 15. Bh6 Bh8 16. Ng5 Rac8 17. Qf4 e5 18. Qd2 Qd7 19. Bf1 Rcd8 20. Qe3 Bc6 21. Nd5 Qb7 22. c4 Bxd5 23. cxd5 Rc8 24. Rc1 Re7 25. b4 Na4 26. Rxc8+ Qxc8 27. Rc1 Rc7 28. Qa7 Ne8 29. Rc6 Rxa7 30. Rxc8 Re7 31. Ra8 Bg7 32. Bxg7 Kxg7 33. Rxa6 h6 34. Nf3 Rb7 35. Rc6 Kf8 36. Nd2 Ke7 37. Nb3 Nc7 38. Na5 Ra7 39. Rc2 Kd7 40. Be2 f5 41. f3 Nb6 42. Kf2 Ra8 43. Ke1 Ra7 44. h4 Nc8 45. Bd3 Ne7 46. g3 Ra8 47. g4 Rf8 48. gxf5 gxf5 49. Rg2 fxe4 50. fxe4 Rf4 51. Rg7 Kd8 52. Nb7+ Kd7 53. Kd2 Rxh4 54. Rh7 Rh3 55. Rh8 Ng6 56. Rd8+ Ke7 57. Rxd6 Nf4 58. Bc2 Rh2+ 59. Kc1 Ne2+ 60. Kb1 Nc3+ 61. Kb2 Nxe4 62. Rb6 Nd6 63. Rxd6 1-0

[Event "Daehne Cup Region Niedersachsen"]
[Site "Lehrte"]
[Date "2017.08.20"]
[Round "2"]
[White "Schumacher, Klaus"]
[Black "Stoy, Ulf"]
[Result "1/2-1/2"]
[WhiteElo "1676"]
[BlackElo "1942"]
[PlyCount "68"]
[EventDate "2017.08.19"]
[EventType "k.o."]
[EventRounds "3"]
[EventCountry "GER"]
[SourceTitle "EXT 2022"]
[Source "ChessBase"]
[SourceDate "2021.10.06"]
[SourceVersion "1"]
[SourceVersionDate "2021.10.06"]
[SourceQuality "1"]

1. e4 g6 2. d4 c6 3. Nf3 Bg7 4. Bc4 d5 5. exd5 cxd5 6. Bb5+ Bd7 7. Bxd7+ Nxd7 8. 0-0 Ngf6 9. c3 Qc7 10. Bg5 0-0 11. Nbd2 e6 12. Qb3 b5 13. Rfe1 Rfb8 14. Bh4 Rb6 15. Bg3 Qb7 16. h3 Bh6 17. Re2 a5 18. a3 Rc8 19. Ne5 Nxe5 20. Bxe5 Nd7 21. Nf3 Rc4 22. Rae1 b4 23. cxb4 axb4 24. Rd1 bxa3 25. Qxa3 Rcb4 26. Rb1 Bf8 27. Qc3 Qa6 28. Ree1 Rb3 29. Qc7 Qb7 30. Qd8 Nxe5 31. Nxe5 Qe7 32. Qc8 Rb8 33. Qc1 Qb7 34. Re2 Rc8 1/2-1/2

[Event "Daehne Cup Region 16/17 qual II"]
[Site "Bissendorf"]
[Date "2017.05.13"]
[Round "2"]
[White "Niemann, Leon Pascal"]
[Black "Stoy, Ulf"]
[Result "0-1"]
[WhiteElo "1714"]
[BlackElo "1992"]
[PlyCount "54"]
[EventDate "2017.05.12"]
[EventType "k.o."]
[EventRounds "4"]
[EventCountry "GER"]
[SourceTitle "EXT 2022"]
[Source "ChessBase"]
[SourceDate "2021.10.06"]
[SourceVersion "1"]
[SourceVersionDate "2021.10.06"]
[SourceQuality "1"]

1. Nf3 g6 2. g3 Bg7 3. Bg2 d6 4. d3 e5 5. e4 Nc6 6. Nc3 Nge7 7. Bd2 h6 8. 0-0 0-0 9. Ne1 Be6 10. h3 Qd7 11. Kh2 f5 12. f3 f4 13. g4 Bf6 14. Ne2 h5 15. c4 Rf7 16. Nc2 Rh7 17. Kg1 Kg7 18. Nc3 Rah8 19. Kf2 hxg4 20. hxg4 Rh2 21. Rg1 Bh4+ 22. Kf1 Bxg4 23. fxg4 f3 24. Bxf3 Rf2+ 25. Ke1 Rxf3+ 26. Ke2 Rf2+ 27. Ke1 Rh2+ 0-1

[Event "Niedersachsen-ch op-B"]
[Site "Verden"]
[Date "2017.01.07"]
[Round "6"]
[White "Lai Hop, Duong"]
[Black "Stoy, Ulf"]
[Result "1-0"]
[WhiteElo "2164"]
[BlackElo "1961"]
[PlyCount "103"]
[EventDate "2017.01.05"]
[EventType "swiss"]
[EventRounds "7"]
[EventCountry "GER"]
[SourceTitle "CBM 187 Extra"]
[Source "ChessBase"]
[SourceDate "2018.11.04"]
[SourceVersion "1"]
[SourceVersionDate "2018.11.04"]
[SourceQuality "1"]

1. d4 g6 2. Nf3 Bg7 3. c3 d6 4. Bf4 Nf6 5. e3 0-0 6. Be2 c5 7. 0-0 b6 8. h3 Bb7 9. Nbd2 Nbd7 10. Re1 Re8 11. Bh2 a6 12. a4 Ra7 13. Bc4 d5 14. Bd3 Qa8 15. Ne5 Nxe5 16. Bxe5 Bc6 17. b3 cxd4 18. cxd4 b5 19. a5 Ne4 20. Bxg7 Kxg7 21. Bxe4 dxe4 22. Qc2 Bd5 23. Rac1 e6 24. Qb2 Qd8 25. b4 f5 26. Rc5 Qf6 27. Rec1 Ree7 28. Rc8 g5 29. Qc2 Rf7 30. Rb8 Kh6 31. Qc8 f4 32. Qh8 Rg7 33. Qd8 Qg6 34. Qd6 Qh5 35. Rf8 Raf7 36. Rxf7 Rxf7 37. Nf1 g4 38. hxg4 Qxg4 39. exf4 Qxf4 40. Qxf4+ Rxf4 41. Ne3 Kg5 42. Rc7 Bb3 43. Rg7+ Kh6 44. Ra7 Rf8 45. Rxa6 Kg5 46. Rb6 Kf4 47. Rxb5 Rd8 48. a6 Rxd4 49. a7 Bd5 50. Rxd5 Rxb4 51. Rf5+ exf5 52. Nd5+ 1-0

[Event "Niedersachsen-ch op-B"]
[Site "Verden"]
[Date "2017.01.06"]
[Round "3"]
[White "Issing, Peter"]
[Black "Stoy, Ulf"]
[Result "1/2-1/2"]
[WhiteElo "2171"]
[BlackElo "1961"]
[PlyCount "99"]
[EventDate "2017.01.05"]
[EventType "swiss"]
[EventRounds "7"]
[EventCountry "GER"]
[SourceTitle "CBM 187 Extra"]
[Source "ChessBase"]
[SourceDate "2018.11.04"]
[SourceVersion "1"]
[SourceVersionDate "2018.11.04"]
[SourceQuality "1"]

1. d4 g6 2. Nf3 Bg7 3. c3 d6 4. Bg5 Nf6 5. Nbd2 0-0 6. e3 Nbd7 7. Bc4 a6 8. a4 b6 9. 0-0 Bb7 10. b4 c5 11. bxc5 bxc5 12. a5 Ra7 13. Qb3 Qc7 14. d5 h6 15. Bh4 g5 16. Bg3 Nh5 17. e4 Bc8 18. Bd3 Nxg3 19. hxg3 g4 20. Nh4 Ne5 21. Be2 e6 22. Rfb1 exd5 23. exd5 f5 24. Qb6 Qe7 25. Qb3 Qg5 26. Qd1 Ng6 27. Nxg6 Qxg6 28. Qc2 Re7 29. Nc4 Rfe8 30. Bd3 Qf6 31. Rc1 f4 32. gxf4 Qxf4 33. g3 Qf3 34. Nd2 Qf6 35. Rab1 Bb7 36. Ne4 Qe5 37. c4 Bc8 38. Re1 Bf5 39. Nxc5 Qxe1+ 40. Rxe1 Rxe1+ 41. Kg2 R8e2 42. Qa4 dxc5 43. Bxe2 Be4+ 44. f3 Rxe2+ 45. Kf1 Bxf3 46. Qc6 Kh7 47. Qxc5 Rd2 48. Qe7 Rd1+ 49. Kf2 Rd2+ 50. Kf1 1/2-1/2

[Event "Niedersachsen-ch op-B"]
[Site "Verden"]
[Date "2017.01.06"]
[Round "4"]
[White "Stoy, Ulf"]
[Black "Sawadkuhi, Massoud Amir"]
[Result "1-0"]
[WhiteElo "1961"]
[BlackElo "2164"]
[PlyCount "49"]
[EventDate "2017.01.05"]
[EventType "swiss"]
[EventRounds "7"]
[EventCountry "GER"]
[SourceTitle "CBM 187 Extra"]
[Source "ChessBase"]
[SourceDate "2018.11.04"]
[SourceVersion "1"]
[SourceVersionDate "2018.11.04"]
[SourceQuality "1"]

1. c4 g6 2. Nc3 Bg7 3. g3 c5 4. Bg2 Nc6 5. e4 d6 6. d3 Nf6 7. Nge2 0-0 8. 0-0 Ne8 9. Be3 Nd4 10. h3 Nc7 11. f4 f5 12. Qd2 Rb8 13. Rae1 Bd7 14. Rf2 a6 15. b3 b5 16. exf5 gxf5 17. Kh2 b4 18. Nd5 e5 19. fxe5 dxe5 20. Bg5 Bf6 21. Nxf6+ Rxf6 22. Nxd4 exd4 23. Rfe2 Qf8 24. Bxf6 Qxf6 25. Qf4 1-0

[Event "Hannover-chA"]
[Site "Lehrte"]
[Date "2016.10.03"]
[Round "6"]
[White "Tenninger, Marc"]
[Black "Stoy, Ulf"]
[Result "1-0"]
[WhiteElo "1829"]
[BlackElo "1961"]
[PlyCount "80"]
[EventDate "2016.10.01"]
[EventType "swiss"]
[EventRounds "7"]
[EventCountry "GER"]
[SourceTitle "EXT 2020"]
[Source "ChessBase"]
[SourceDate "2019.10.17"]
[SourceVersion "1"]
[SourceVersionDate "2019.10.17"]
[SourceQuality "1"]

1. d4 g6 2. Nf3 Bg7 3. e3 d6 4. Bc4 Nf6 5. 0-0 0-0 6. Nbd2 c6 7. a4 a5 8. c3 Qc7 9. Re1 Nbd7 10. e4 e5 11. dxe5 dxe5 12. Nb3 Nb6 13. Bf1 Rd8 14. Qc2 Bg4 15. Nfd2 Nbd7 16. Nc4 b6 17. f3 Be6 18. Be3 c5 19. Red1 Bf8 20. Nbd2 Kg7 21. Na3 Rac8 22. Nb5 Qb8 23. Bc4 Rc6 24. Bxe6 Rxe6 25. Nc4 Be7 26. Rd3 Nh5 27. Rad1 Ndf6 28. g3 Rf8 29. Qd2 Ng8 30. Rd7 h6 31. Nc7 Rc6 32. Nb5 Rf6 33. Kg2 g5 34. Bxg5 hxg5 35. Qxg5+ Rg6 36. Qxh5 Nf6 37. Qxe5 Qxe5 38. Nxe5 Nxd7 39. Nxg6 Kxg6 40. Rxd7 Bd8 1-0

[Event "Daehne Cup Region 15/16 VI"]
[Site "Neustadt"]
[Date "2016.07.23"]
[Round "1"]
[White "Nagel, Detlev"]
[Black "Stoy, Ulf"]
[Result "0-1"]
[WhiteElo "1485"]
[BlackElo "1951"]
[PlyCount "80"]
[EventDate "2016.07.23"]
[EventType "k.o."]
[EventRounds "4"]
[EventCountry "GER"]
[SourceTitle "EXT 2022"]
[Source "ChessBase"]
[SourceDate "2021.10.06"]
[SourceVersion "1"]
[SourceVersionDate "2021.10.06"]
[SourceQuality "1"]

1. e4 d6 2. Bc4 Nf6 3. Nc3 g6 4. Nf3 Bg7 5. d4 0-0 6. Bg5 Nxe4 7. Nd5 Nxg5 8. Nxg5 e6 9. Nxf7 Rxf7 10. Qd2 exd5 11. Bxd5 Qe7+ 12. Qe3 Qxe3+ 13. fxe3 c6 14. Bxf7+ Kxf7 15. Rf1+ Ke7 16. h3 Bf5 17. Kd2 h5 18. Rae1 Bh6 19. Rg1 h4 20. g3 hxg3 21. Rxg3 Nd7 22. c4 Nf6 23. Rf3 d5 24. b3 c5 25. Rxf5 gxf5 26. Kd3 dxc4+ 27. bxc4 Rd8 28. Rf1 Ke6 29. a4 Ne4 30. Rg1 Kf7 31. d5 Re8 32. Rf1 Nd6 33. Rf3 Re4 34. Rxf5+ Nxf5 35. Kxe4 Nxe3 36. Kd3 a5 37. h4 Kf6 38. h5 Ke5 39. Kc3 Ng2 40. Kc2 Nf4 0-1

[Event "Niedersachsen-ch op"]
[Site "Verden"]
[Date "2016.01.04"]
[Round "4"]
[White "Herrmann, Andreas"]
[Black "Stoy, Ulf"]
[Result "1-0"]
[WhiteElo "2140"]
[BlackElo "1962"]
[PlyCount "135"]
[EventDate "2016.01.03"]
[EventType "swiss"]
[EventRounds "7"]
[EventCountry "GER"]
[SourceTitle "EXT 2018"]
[Source "ChessBase"]
[SourceDate "2017.10.13"]
[SourceVersion "1"]
[SourceVersionDate "2017.10.13"]
[SourceQuality "1"]

1. d4 g6 2. Nf3 Bg7 3. Bf4 d6 4. e3 Nd7 5. c3 b6 6. Nbd2 Bb7 7. b4 Ngf6 8. Rc1 0-0 9. Be2 Re8 10. 0-0 e5 11. Bg3 Nh5 12. Bh4 Bf6 13. Bxf6 Qxf6 14. Nb3 e4 15. Nfd2 Qg5 16. c4 c6 17. Rc3 Ndf6 18. Qc2 Bc8 19. f4 Qh4 20. Rf2 Ng4 21. Bxg4 Bxg4 22. Nf1 Bd7 23. a4 f5 24. c5 dxc5 25. dxc5 Nf6 26. Nd4 Nd5 27. Qb3 Kh8 28. Rc1 Qf6 29. b5 Rac8 30. Rfc2 bxc5 31. bxc6 Bxc6 32. Rxc5 Ne7 33. Nxc6 Rxc6 34. Rxc6 Nxc6 35. Qb7 Re6 36. Nd2 Rd6 37. Nc4 Rd8 38. Qc7 Kg8 39. Ne5 Nxe5 40. fxe5 Qb6 41. Qc4+ Kf8 42. Kh1 Qxe3 43. h3 Qd4 44. Qc7 Rd7 45. Qb8+ Ke7 46. Qh8 Qb6 47. Qxh7+ Ke6 48. Qxg6+ Kxe5 49. Qe8+ Qe6 50. Qh8+ Kd6 51. Qf8+ Ke5 52. Qh8+ Kd6 53. Qc3 Ke7 54. Qc5+ Kf7 55. Rf1 Kg6 56. Re1 Qd6 57. Qb5 Qd5 58. Qb8 Qd2 59. Qg8+ Kf6 60. Rf1 Qg5 61. Qf8+ Ke5 62. Qc5+ Ke6 63. g4 Rd5 64. gxf5+ Rxf5 65. Qc8+ Ke5 66. Qc7+ Ke6 67. Rd1 Re5 68. Rd6+ 1-0